| 000 | 00950nac a22002171u 4500 | ||
|---|---|---|---|
| 008 | 120111s2005 nyu|||||r|||| 001 0 eng d | ||
| 010 | _a 2004048708 | ||
| 020 | _a0273683063 (alk. paper) | ||
| 082 | 0 | 0 |
_a332.456 _bCOP _222 |
| 100 |
_aCopeland, Laurence S. _928317 |
||
| 245 | 1 | 0 |
_aExchange rates and international finance / _cLaurence S. Copeland. |
| 250 | _a4th ed. | ||
| 260 |
_aHarlow, England ; _aNew York : _bFinancial Times Prentice Hall, _cc2005. |
||
| 300 | _ap. cm. | ||
| 504 | _aIncludes bibliographical references and index. | ||
| 650 | 0 |
_aForeign exchange rates. _928318 |
|
| 650 | 0 |
_aInternational finance. _928319 |
|
| 942 |
_cTB _k332.456C7824 _2ddc |
||
| 999 |
_c4941 _d4941 |
||